| 000 | 01370nam0a2200313 4500 | ||
|---|---|---|---|
| 001 | RU\NLR\BIBL_A\011437848 | ||
| 005 | 20240727025230.0 | ||
| 010 |
_a9785000953259 _970 |
||
| 021 |
_aRU _b2017-46063 _93322 |
||
| 035 | _a(RuMoRGB)008919214 | ||
| 035 | _a(NLR Aleph) 011437848 | ||
| 090 |
_a11684807 _c11684807 |
||
| 100 | _a20170712d2017 u y0rusy50 ca | ||
| 101 | 0 | _arus | |
| 102 | _aRU | ||
| 105 | _aac z 000fy | ||
| 200 | 1 |
_aЛюди и судьбы _eповести и рассказы _fАлександр Махнев |
|
| 210 |
_aМосква _cУ Никитских ворот _d2017 |
||
| 215 |
_a202, [1] с. _cил., портр. _d21 |
||
| 300 | _aНа 4-й с. обл. авт.: Махнёв А. В., полк. в отставке | ||
| 327 | 0 | _aСодерж.: Случайная встреча; Просто солдат; Защитница блокадного Ленинграда; Без вести пропавший; Узник Дахау; Учитель; Иванов; Прощай, мой дом; Последний день земной; Собеседники [и др.] | |
| 686 |
_aШ5(2=Р)64-644 _2rubbk |
||
| 686 | 2 | _aШ6(2=Р)8-44 | |
| 700 | 1 |
_aМахнев _bА. В. _f1949- _gАлександр Владимирович |
|
| 942 | _cBOOK | ||
| 980 | _aNBR | ||